| 000 | 00899nam a22002778a 4500 | ||
|---|---|---|---|
| 008 | |||
| 020 | _a0632029633 (pbk.) | ||
| 049 | _aMAIN | ||
| 090 | 0 | 1 | _aQD151.2 |
| 100 | 1 | _aEbsworth, E. A. V. | |
| 245 | 1 | 0 |
_aStructural methods in inorganic chemistry / _cE.A.V. Ebsworth, David W.H. Rankin, Stephen Cradock ; forward [sic] by Kenneth Raymond. |
| 250 | _a2nd ed. | ||
| 260 |
_aOxford : _bBlackwell Scientific Publications, _c1991. |
||
| 300 |
_axiv, 510 p. : _bill. ; _c25 cm. |
||
| 500 | _aIncludes index. | ||
| 504 | _aIncludes bibliographical references. | ||
| 650 | 0 | _aSpectrum analysis. | |
| 650 | 0 |
_aInorganic compounds _xStructure. |
|
| 700 | 1 | _aRankin, David W. H. | |
| 700 | 1 | _aCradock, Stephen. | |
| 907 |
_a.b10166373 _b28-06-05 _c27-06-05 |
||
| 003 | |||
| 005 | 20230123134024.0 | ||
| 040 | _cNUST | ||
| 942 |
_cBOOKS _kQD151.2 |
||
| 999 |
_c158658 _d158658 |
||